| 000 | 01014nac a22002891u 4500 | ||
|---|---|---|---|
| 010 | _a78008610 | ||
| 020 |
_a0671243969. _a0671244175 |
||
| 082 | 0 | 0 |
_a552.075 _bP9579 |
| 090 |
_c1686 _d1686 |
||
| 100 | _a20080729 | ||
| 245 | 0 | 0 |
_aSimon and Schuster's Guide to rocks and minerals / _cedited by Martin Prinz, George Harlow, and Joseph Peters. |
| 260 |
_aNew York : _bSimon and Schuster, _c[1978] |
||
| 300 |
_a607 p. : _bill. ; _c19 cm. |
||
| 490 | 0 | _aA Fireside book | |
| 500 | _aTranslation of Minerali e rocce, by A. Mottana, R. Crespi, and G. Liborio. | ||
| 500 | _aIncludes index. | ||
| 650 | 0 |
_aRocks _xCollection and preservation. |
|
| 650 | 0 |
_aMinerals _xCollection and preservation. |
|
| 700 | 1 | _aPrinz, Martin. | |
| 700 | 1 | _aHarlow, George E. | |
| 700 | 1 |
_aPeters, Joseph, _d1951- |
|
| 700 | 1 | _aMottana, Annibale. | |
| 942 |
_cBB _k552.075P9579 _hRDA-MOD |
||
| 999 |
_c1686 _d1686 |
||
| 336 |
_2rdacontent _atext _btxt |
||
| 337 |
_aunmediated _2rdamedia _bn |
||
| 338 |
_avolume _bnc _2rdacarrier |
||